| 000 | 01317nam a22003737a 4500 | ||
|---|---|---|---|
| 003 | CHAP | ||
| 005 | 20220817043020.0 | ||
| 008 | 971010s1986 r 00010 d | ||
| 010 | _a62813 | ||
| 011 | _a63785 | ||
| 035 | _a68143 | ||
| 040 | _cCHAP | ||
| 082 |
_a636.085 _bM23Y 1981 |
||
| 100 | 0 | 0 |
_aMcDonald, Peter. _973483 |
| 245 | _aNutrición animal | ||
| 260 |
_aZaragoza : _bAcribia, _c1986 |
||
| 300 | _a518 p. | ||
| 500 | _aTrad. de : Animal nutrition, 3 ed. de 1981 | ||
| 590 |
_aBATCH-UPD _b10 _c20130109 _lUCH01 _h2313 |
||
| 590 |
_aBATCH-UPD _b10 _c20130110 _lUCH01 _h1548 |
||
| 590 |
_aBATCH-UPD _b10 _c20130410 _lUCH01 _h0946 |
||
| 590 |
_aBATCH-UPD _b10 _c20130914 _lUCH01 _h1805 |
||
| 590 |
_aCONVERSION _b10 _c20130109 _lUCH01 _h1334 |
||
| 650 | 1 | 4 |
_aAlimentos y alimentacion del ganado. _94326 |
| 650 | 1 | 4 | _aNutrición animal. |
| 700 | 0 |
_aEdwards, R. A. _935727 |
|
| 700 | 0 |
_aGreenhalgh, J. F. D. _950583 |
|
| 901 | _aBK | ||
| 942 | _cLIBRO | ||
| 949 |
_a636.085 M23Y 1981 _bBC _cLIBRO _d33724000266961 _eLIBRO _fc.3 _h85239 _i68143 _si |
||
| 949 |
_a636.085 M23Y 1981 _bBC _cLIBRO _d33724000831459 _eLIBRO _fc.2 _gI. 132430 _h68575 _i68143 _si |
||
| 949 |
_a636.085 M23Y 1981 _bBC _cLIBRO _d33724002021223 _eLIBRO _gI. 132429 _h68574 _i68143 _si |
||
| 949 |
_a636.085 M23y 1981 _bZ _cLIBRO _d-252 _eLIBRO _h541 _i68143 _si |
||
| 999 |
_c62813 _d62813 |
||